| 000 | 00889cam a22002291 4500 | ||
|---|---|---|---|
| 001 | gs 14000532 | ||
| 003 | DLC | ||
| 005 | 20260227111316.0 | ||
| 008 | 760803s1913 xx 000 0 eng | ||
| 010 | _ags 14000532 | ||
| 035 | _a(OCoLC)2351846 | ||
| 040 |
_aDLC _cOTU _dDLC |
||
| 042 | _apremarc | ||
| 050 | 0 | 0 |
_aQE125 _b.A4 no. 9 |
| 100 | 1 |
_aSherzer, William Hittell, _d1860- |
|
| 245 | 0 | 0 |
_aGeological report on Wayne County, _cby W. H. Sherzner. |
| 260 |
_aLansing, Mich., _bWynkoop Hallenbeck Crawford co., state printers, _c1913. |
||
| 300 |
_a388 p. _billus., plates, 2 fold. maps (in pocket) double plan, diagrs. _c24 cm. |
||
| 490 | 0 | _aMichigan. Geological and biological survey. Publication 12. Geological series 9 | |
| 500 | _aPublished as a part of the Annual report of the Board of geological and biological survey for 1911. | ||
| 650 | 0 |
_aGeology _zMichigan _zWayne County. |
|
| 999 |
_c25378 _d25378 |
||